Tu stojím, ináč nemôžem k 450. narodeninám dra Martina Luthera 1. čiastka Slovo božie na veky : úvodom k životopisu dra Martina Luthera 2. čiastka Životopis dra Martina Luthera

Bibliographic Details
Main Author: Seberini, Ľudovít Žigmund, 1859-1941 (Author)
Format: Book
Language:Slovak
PhysicalDescription:18 s.; 45 s. faksimile, fotografie, ilustrácie, portréty 22 cm
Published: Liptovský Mikuláš Tranoscius 1933
Subjects:

MARC

LEADER 00000cam a2200000 a 4500
001 vtls008400109
003 SK-MaSNL
005 20260301075613.0
008 200104s1933 xo haocg 000 0bslo
015 |a SNBA19191938-012125 
035 |a SK01SNKBSKHR20010092326 
035 |a urn:nbn:sk:snk-am3hjrr 
035 |a 146343D9-D142-44B6-A570-CEE0DA79B45C 
035 |a urn:nbn:sk:snk-am00d2tn 
035 |a SKM000094789 
040 |a SNK  |b slo  |c SNK  |e AACR2 
041 0 |a slo 
044 |a xo  |c SK 
080 |a 2-05  |2 1981 
080 |a 929 Luther, Martin  |2 1981 
100 1 |a Seberini, Ľudovít Žigmund,  |d 1859-1941  |4 aut  |9 218608 
245 1 0 |a Tu stojím, ináč nemôžem  |b k 450. narodeninám dra Martina Luthera  |n 1. čiastka  |p Slovo božie na veky : úvodom k životopisu dra Martina Luthera  |n 2. čiastka  |p Životopis dra Martina Luthera  |c Ľ. Ž. Szeberényi 
246 3 0 |a Slovo božie na veky 
246 3 0 |a Životopis dra Martina Luthera 
260 |a Liptovský Mikuláš  |b Tranoscius  |c 1933  |e Liptovský Mikuláš  |f Bratia Rázusovci 
300 |a 18 s.; 45 s.  |b faksimile, fotografie, ilustrácie, portréty  |c 22 cm 
600 1 7 |a Luther, Martin,  |d 1483-1546  |2 SNKMA  |9 106834 
650 0 7 |a reformácia  |2 SNKPH  |9 247352 
650 0 7 |a teológovia  |2 SNKPH  |9 1962 
655 7 |a biografie  |2 SNKPH  |9 27965 
958 |a ONDV 
958 |a NT 
958 |a BC 
999 |c 650752  |d 652682 
952 |a SNK  |b SNK  |y VYP  |7 0  |p 17A0654867  |o snkSC 2151/27 D1  |i snkKSF 5027/57  |8 5  |0 0  |1 0  |4 0  |d 2007-04-27  |l 0  |r 2026-02-23 18:21:32  |w 2026-02-23 
952 |a SNK  |b SNK  |y PREZ  |7 0  |p 17A0743140  |o snkSC 2151/27  |i snk741/37  |0 0  |1 0  |4 0  |d 2011-11-22  |f 1  |l 0  |r 2025-06-11 00:00:00  |w 2026-02-23